[Event "ONJK 2017 C"]
[Site "Borne, Netherlands"]
[Date "2017.08.10"]
[Round "6.20"]
[White "Schelleman, Martijn"]
[Black "Skabs, Denis"]
[Result "0-1"]
[WhiteElo "1393"]
[BlackElo "1536"]
[PlyCount "26"]
[EventDate "2017.08.??"]

1. e4 e5 2. Nf3 Nc6 3. Bc4 Nf6 4. Nc3 Nxe4 5. Bxf7+ Kxf7 6. Nxe4 Be7 7. d4 exd4
8. Nxd4 d5 9. Nxc6 bxc6 10. Qf3+ Ke8 11. Ng3 Ba6 12. Qc3 Qd7 13. Qxg7 Bb4+ 0-1

[Event "ONJK 2017 C"]
[Site "Borne, Netherlands"]
[Date "2017.08.11"]
[Round "7.1"]
[White "Albertus, Bram"]
[Black "Honkoop, Gilian"]
[Result "1/2-1/2"]
[WhiteElo "1616"]
[BlackElo "1916"]
[PlyCount "63"]
[EventDate "2017.08.??"]

1. c4 e5 2. Nc3 d6 3. g3 g6 4. Bg2 Bg7 5. e3 Nc6 6. a3 f5 7. Nge2 Nf6 8. d4 e4
9. b4 O-O 10. Bb2 g5 11. h4 h6 12. Qb3 Ne7 13. c5+ d5 14. b5 Be6 15. a4 Ng6 16.
a5 Ng4 17. h5 Ne7 18. Bc1 Nf6 19. f4 g4 20. a6 bxa6 21. Rxa6 Bc8 22. Ra1 a6 23.
b6 cxb6 24. cxb6 Rb8 25. Na4 Nd7 26. Ba3 Bb7 27. Nec3 Kh8 28. Nc5 Nxb6 29. Ne6
Qc8 30. Nxf8 Bxf8 31. Bf1 Ba8 32. Qc2 1/2-1/2

[Event "ONJK 2017 C"]
[Site "Borne, Netherlands"]
[Date "2017.08.11"]
[Round "7.2"]
[White "Grutter, Tim"]
[Black "Elgersma, Onno"]
[Result "1-0"]
[WhiteElo "1891"]
[BlackElo "2030"]
[PlyCount "103"]
[EventDate "2017.08.??"]

1. e4 e6 2. d4 d5 3. exd5 exd5 4. Nf3 Nf6 5. Bd3 c5 6. c3 Be7 7. h3 O-O 8. O-O
Nc6 9. Re1 cxd4 10. cxd4 Nb4 11. Nc3 Nxd3 12. Qxd3 a6 13. Bg5 Be6 14. Ne5 Nh5
15. Bxe7 Qxe7 16. Qf3 Qg5 17. Nd3 Qg6 18. Re5 Nf6 19. Nf4 Qc2 20. Re2 Qf5 21.
g4 Qg5 22. Re5 Qh4 23. Ng2 Qh6 24. g5 Qh5 25. Qg3 Ne4 26. Nxe4 dxe4 27. Nf4 Qf3
28. Qxf3 exf3 29. Nxe6 fxe6 30. Rxe6 Rf5 31. Re5 Rxe5 32. dxe5 Kf7 33. Rc1 Re8
34. Kh2 Rxe5 35. h4 Rb5 36. b3 Rb4 37. Kg3 Kg6 38. Rc4 Rxc4 39. bxc4 Kh5 40.
Kh3 b6 41. a3 a5 42. a4 h6 43. gxh6 gxh6 44. Kg3 Kg6 45. Kxf3 Kf5 46. Kg3 Ke4
47. Kg4 Kd4 48. f4 Kxc4 49. f5 Kd5 50. Kh5 Ke5 51. Kg6 b5 52. f6 1-0

[Event "ONJK 2017 C"]
[Site "Borne, Netherlands"]
[Date "2017.08.11"]
[Round "7.3"]
[White "Toval, David"]
[Black "Roebers, Eline"]
[Result "1/2-1/2"]
[WhiteElo "1742"]
[BlackElo "1852"]
[PlyCount "58"]
[EventDate "2017.08.??"]

1. e4 c6 2. d4 d5 3. exd5 cxd5 4. Bd3 Nf6 5. c3 Nc6 6. Bf4 g6 7. Nf3 Bg7 8.
Nbd2 O-O 9. O-O Bf5 10. Bxf5 gxf5 11. Ne5 e6 12. Nxc6 bxc6 13. Be5 Ng4 14. Bxg7
Kxg7 15. Nf3 Qc7 16. Qe2 h6 17. h3 Nf6 18. Qe5 Qxe5 19. Nxe5 Rfc8 20. Nd3 Nd7
21. b4 a5 22. a4 Nb6 23. Nc5 Rcb8 24. Rfb1 Nc4 25. b5 cxb5 26. axb5 Nd2 27. Rb2
Nc4 28. Rbb1 Nd2 29. Rb2 Nc4 1/2-1/2

[Event "ONJK 2017 C"]
[Site "Borne, Netherlands"]
[Date "2017.08.11"]
[Round "7.4"]
[White "Wensing, Jonathan"]
[Black "Muntean, Victor"]
[Result "0-1"]
[WhiteElo "1667"]
[BlackElo "1784"]
[PlyCount "64"]
[EventDate "2017.08.??"]

1. e4 e5 2. Nf3 Nc6 3. Bc4 Nf6 4. d3 Be7 5. Nc3 d6 6. Nd5 Na5 7. Nxe7 Qxe7 8.
Bb3 Nxb3 9. axb3 c6 10. Bg5 h6 11. Be3 d5 12. Nd2 d4 13. Bxd4 exd4 14. O-O Be6
15. h3 g5 16. e5 Nd5 17. Ne4 O-O 18. Qh5 Kg7 19. g3 f5 20. Nd6 f4 21. c4 dxc3
22. bxc3 Nxc3 23. Kh2 Nd5 24. h4 fxg3+ 25. fxg3 Ne3 26. Rf6 Rxf6 27. exf6+ Qxf6
28. Qe2 Ng4+ 29. Kg2 Rf8 30. Re1 Bd5+ 31. Ne4 Qf2+ 32. Qxf2 Nxf2 0-1

[Event "ONJK 2017 C"]
[Site "Borne, Netherlands"]
[Date "2017.08.11"]
[Round "7.5"]
[White "Mainka, Alwin"]
[Black "De Putter, Nina"]
[Result "0-1"]
[WhiteElo "1723"]
[BlackElo "1469"]
[PlyCount "110"]
[EventDate "2017.08.??"]

1. e4 d5 2. exd5 Nf6 3. d4 Nxd5 4. c4 Nb6 5. Nc3 g6 6. Nf3 Bg7 7. Be2 O-O 8.
O-O Nc6 9. d5 Na5 10. c5 Bxc3 11. cxb6 Bg7 12. bxc7 Qxc7 13. g3 Rd8 14. Bf4 Qb6
15. Rb1 Bf5 16. Be3 Qd6 17. Bd3 Qxd5 18. Bxf5 Qxf5 19. Qa4 Qxf3 20. Qxa5 b6 21.
Qb4 Rd7 22. Qa4 Rad8 23. Rfc1 Bxb2 24. Rc8 Rd1+ 25. Rxd1 Rxc8 26. Rb1 Rd8 27.
h3 Be5 28. Re1 Qb7 29. Bg5 Qc7 30. Qh4 f6 31. Be3 Qc2 32. Qb4 Bd6 33. Qb1 Qxb1
34. Rxb1 Kf7 35. Rd1 Bc7 36. Rc1 Rd7 37. Rc4 Bd6 38. Rh4 h5 39. Ra4 Bc5 40. Kf1
Bxe3 41. fxe3 e5 42. Ke2 Ke6 43. Rb4 Rd5 44. Ra4 Ra5 45. Rxa5 bxa5 46. e4 f5
47. Ke3 g5 48. exf5+ Kxf5 49. a3 Ke6 50. Ke4 a4 51. Kd3 Kd5 52. Kc3 Ke4 53. Kb4
Kf3 54. Kxa4 e4 55. Kb5 e3 0-1

[Event "ONJK 2017 C"]
[Site "Borne, Netherlands"]
[Date "2017.08.11"]
[Round "7.6"]
[White "Kamp, Adrian"]
[Black "Paays, Dominggus"]
[Result "1/2-1/2"]
[WhiteElo "1773"]
[BlackElo "1624"]
[PlyCount "38"]
[EventDate "2017.08.??"]

1. e4 c5 2. d4 cxd4 3. c3 Nf6 4. e5 Nd5 5. cxd4 Nc6 6. Nf3 d6 7. Bc4 Nb6 8. Bb5
dxe5 9. Nxe5 Bd7 10. Nxd7 Qxd7 11. Nc3 e6 12. O-O Be7 13. Bxc6 Qxc6 14. Bf4 O-O
15. Qe2 Rac8 16. Rac1 Qd7 17. Rfd1 Rfd8 18. h3 a6 19. a3 Rc4 1/2-1/2

[Event "ONJK 2017 C"]
[Site "Borne, Netherlands"]
[Date "2017.08.11"]
[Round "7.7"]
[White "Tjin a Lien, Jie-Ren"]
[Black "Maters, Arthur"]
[Result "1-0"]
[WhiteElo "1620"]
[BlackElo "1727"]
[PlyCount "81"]
[EventDate "2017.08.??"]

1. e4 b6 2. Nf3 Bb7 3. Nc3 e6 4. a3 Nf6 5. d3 c5 6. Bf4 d6 7. h3 Be7 8. Be2 O-O
9. O-O Re8 10. Qd2 a6 11. Rad1 b5 12. e5 Nd5 13. Nxd5 Bxd5 14. exd6 Bxd6 15.
Bxd6 Qxd6 16. c4 Bxf3 17. Bxf3 Ra7 18. Qa5 Qd8 19. Qc3 Qd4 20. Qxd4 cxd4 21. c5
Rc7 22. b4 Nd7 23. g3 a5 24. Rfe1 e5 25. c6 Nb6 26. bxa5 Na4 27. Rb1 Nc3 28.
Rb4 Kf8 29. a6 Ra7 30. a4 bxa4 31. Rb7 Rxa6 32. c7 Raa8 33. Rxe5 Rec8 34. Bg4
a3 35. Bxc8 a2 36. Re1 a1=Q 37. Rxa1 Rxa1+ 38. Kg2 Nd5 39. Bg4 Nxc7 40. Rxc7
Ra3 41. Be2 1-0

[Event "ONJK 2017 C"]
[Site "Borne, Netherlands"]
[Date "2017.08.11"]
[Round "7.8"]
[White "Klaren, Duncan"]
[Black "Salomons, Quinten"]
[Result "1/2-1/2"]
[WhiteElo "1661"]
[BlackElo "1633"]
[PlyCount "59"]
[EventDate "2017.08.??"]

1. e4 d6 2. d4 Nf6 3. Nc3 Nbd7 4. f4 e5 5. Nf3 exd4 6. Nxd4 c6 7. Bc4 Qc7 8.
O-O b5 9. Bb3 Nc5 10. e5 dxe5 11. fxe5 Nxb3 12. exf6 Nxd4 13. Qxd4 Qb6 14. Be3
Qxd4 15. Bxd4 gxf6 16. Rae1+ Be6 17. Ne4 Be7 18. Ng5 O-O-O 19. Nxe6 fxe6 20.
Bxa7 e5 21. Bb6 Rd2 22. Rf2 Rxf2 23. Kxf2 Kb7 24. Be3 Kc7 25. Kf3 Kd7 26. Ke4
Ke6 27. Rf1 Ra8 28. a3 Ra4+ 29. Kd3 Rg4 30. Rf2 1/2-1/2

[Event "ONJK 2017 C"]
[Site "Borne, Netherlands"]
[Date "2017.08.11"]
[Round "7.9"]
[White "Baselmans, Daan"]
[Black "Van Cleef, Matteo"]
[Result "1/2-1/2"]
[WhiteElo "1659"]
[BlackElo "1449"]
[PlyCount "48"]
[EventDate "2017.08.??"]

1. e4 c5 2. Nf3 Nc6 3. d4 cxd4 4. Nxd4 g6 5. Be3 Nf6 6. Nc3 Bg7 7. Bc4 d6 8. f3
O-O 9. Qd2 Bd7 10. O-O-O Qa5 11. Kb1 Rfc8 12. Bb3 Ne5 13. g4 Nc4 14. Bxc4 Rxc4
15. h4 h5 16. gxh5 Nxh5 17. Qd3 Rac8 18. Nb3 Qc7 19. Nd5 Qd8 20. Bxa7 Rxc2 21.
Rd2 Rxd2 22. Qxd2 e6 23. Bb6 Qf8 24. Nb4 Bc6 1/2-1/2

[Event "ONJK 2017 C"]
[Site "Borne, Netherlands"]
[Date "2017.08.11"]
[Round "7.10"]
[White "Hoeneveld, Maarten"]
[Black "Heskes, Johan"]
[Result "1-0"]
[WhiteElo "1946"]
[BlackElo "1600"]
[PlyCount "105"]
[EventDate "2017.08.??"]

1. e4 c5 2. d4 cxd4 3. c3 Nf6 4. e5 Nd5 5. cxd4 e6 6. Nf3 Be7 7. Bc4 Nb6 8. Bb3
d5 9. exd6 Qxd6 10. O-O O-O 11. Nc3 Nc6 12. Be3 Bd7 13. Qe2 Nd5 14. Rad1 Bf6
15. Bg5 Nce7 16. Ne4 Qb4 17. Nxf6+ Nxf6 18. Bxf6 gxf6 19. Qe4 Bc6 20. Qh4 Bxf3
21. Qg3+ Kh8 22. Qxf3 f5 23. Qh5 Ng6 24. d5 Qe4 25. Qg5 Rg8 26. Rfe1 Qb4 27.
dxe6 Rae8 28. Re3 fxe6 29. Rxe6 Rxe6 30. Bxe6 Rf8 31. Bb3 Ne5 32. Qe3 Ng4 33.
Qxa7 Re8 34. Rf1 Qd2 35. Qc5 Qg5 36. h3 Nf6 37. Qb5 Qf4 38. Qxb7 Qe5 39. Qf3
Rd8 40. Qc3 Qe7 41. Re1 Qg7 42. a4 Ra8 43. Qf3 Ne4 44. Qxf5 Nd2 45. Qd5 Rg8 46.
Qxg8+ Qxg8 47. Bxg8 Kxg8 48. a5 Nc4 49. a6 Nb6 50. a7 Kg7 51. Re8 h5 52. a8=Q
Nxa8 53. Rxa8 1-0

[Event "ONJK 2017 C"]
[Site "Borne, Netherlands"]
[Date "2017.08.11"]
[Round "7.11"]
[White "Gevorkjan, Lewon"]
[Black "Warnaar, Alisha"]
[Result "1-0"]
[WhiteElo "1836"]
[BlackElo "1560"]
[PlyCount "67"]
[EventDate "2017.08.??"]

1. e4 c5 2. Nc3 Nc6 3. Bb5 Nd4 4. Bc4 e6 5. Nf3 Nf6 6. d3 a6 7. e5 b5 8. Bb3
Nxb3 9. axb3 Nd5 10. Nxb5 Bb7 11. Na3 Be7 12. Bd2 O-O 13. O-O Qc7 14. Nc4 h6
15. Na5 Bc8 16. Nc4 Bb7 17. h3 f5 18. Nh2 Rf7 19. Qh5 Raf8 20. Qg6 Kh8 21. f4
Nb4 22. Bxb4 cxb4 23. Nf3 Bc5+ 24. Kh2 Kg8 25. Ng1 Rc8 26. Ne2 Be7 27. c3 Bc5
28. Ra5 Be7 29. Nd4 Rff8 30. Nc2 bxc3 31. bxc3 d5 32. exd6 Bxd6 33. Qxe6+ Kh8
34. Qxd6 1-0

[Event "ONJK 2017 C"]
[Site "Borne, Netherlands"]
[Date "2017.08.11"]
[Round "7.12"]
[White "Roothaan, Elmar"]
[Black "De Zoeten, Cato"]
[Result "1/2-1/2"]
[WhiteElo "1659"]
[BlackElo "1511"]
[PlyCount "85"]
[EventDate "2017.08.??"]

1. d4 d5 2. Bf4 Nf6 3. e3 e6 4. Be2 c5 5. c3 Nc6 6. Nd2 a6 7. h3 b5 8. a3 c4 9.
Ngf3 Bd6 10. Bh2 Bxh2 11. Nxh2 Nd7 12. O-O O-O 13. f4 Qc7 14. Qc2 Bb7 15. Rf2
a5 16. g4 f6 17. Raf1 e5 18. Rg2 b4 19. axb4 axb4 20. g5 e4 21. h4 b3 22. Qb1
Ne7 23. Bg4 Nb6 24. Qe1 f5 25. Bh3 Ra2 26. Nb1 Rfa8 27. Na3 R2xa3 28. bxa3 Rxa3
29. g6 hxg6 30. Qc1 Ra7 31. Re1 Bc8 32. Nf1 Qd6 33. Nd2 Qa3 34. Nb1 Qa1 35. Qb2
Qxb2 36. Rxb2 Na4 37. Rh2 Rb7 38. Bf1 b2 39. Rc2 Rb3 40. Kf2 Kf7 41. Ke2 Ng8
42. Kf2 Nf6 43. Be2 1/2-1/2

[Event "ONJK 2017 C"]
[Site "Borne, Netherlands"]
[Date "2017.08.11"]
[Round "7.13"]
[White "Skabs, Denis"]
[Black "Achuthan, Dylan"]
[Result "1-0"]
[WhiteElo "1536"]
[BlackElo "1655"]
[PlyCount "61"]
[EventDate "2017.08.??"]

1. e4 c5 2. d4 cxd4 3. c3 e6 4. cxd4 d5 5. e5 Nc6 6. Nc3 a6 7. f4 Bd7 8. Nf3
Rc8 9. Be3 Na5 10. Nd2 Bb4 11. Rc1 b5 12. Bd3 Nc4 13. Nxc4 bxc4 14. Bb1 Nh6 15.
O-O f5 16. h3 O-O 17. Bd2 Qb6 18. Be3 Qd8 19. Bd2 Be8 20. Be1 Bg6 21. Kh2 Bxc3
22. Rxc3 Qd7 23. Bh4 Nf7 24. g4 Nd8 25. Rg1 Kh8 26. Rcg3 fxg4 27. Bxg6 hxg6 28.
Rxg4 Rc7 29. Rxg6 Rf7 30. Qh5+ Kg8 31. Rh6 1-0

[Event "ONJK 2017 C"]
[Site "Borne, Netherlands"]
[Date "2017.08.11"]
[Round "7.14"]
[White "Torensma, Christian"]
[Black "Faybish, Benjamin"]
[Result "0-1"]
[WhiteElo "964"]
[BlackElo "1628"]
[PlyCount "90"]
[EventDate "2017.08.??"]

1. d4 Nf6 2. c4 e6 3. Nf3 Bb4+ 4. Bd2 Qe7 5. a3 Bxd2+ 6. Qxd2 b6 7. Nc3 Bb7 8.
Qc2 d6 9. e3 O-O 10. Bd3 e5 11. d5 Re8 12. e4 a5 13. Nd2 Nh5 14. g3 Nd7 15. Rb1
Nc5 16. b4 Nxd3+ 17. Qxd3 g6 18. b5 Bc8 19. Ne2 f5 20. f3 Nf6 21. h3 fxe4 22.
fxe4 Rf8 23. g4 Nd7 24. Kd1 Nc5 25. Qe3 Bd7 26. Kc2 Rf7 27. Rbf1 Raf8 28. Rxf7
Rxf7 29. Rf1 Rxf1 30. Nxf1 Qh4 31. Nd2 Qe1 32. Nb3 Nxb3 33. Kxb3 Qb1+ 34. Kc3
Qa2 35. Qg5 Be8 36. Qe7 Bf7 37. Qxc7 Qxe2 38. Qxd6 Qe3+ 39. Kb2 Qd4+ 40. Kb3
Qd3+ 41. Kb2 Qxe4 42. Qxb6 Qxc4 43. Qb8+ Kg7 44. Qxe5+ Kh6 45. Qe3+ g5 0-1

[Event "ONJK 2017 C"]
[Site "Borne, Netherlands"]
[Date "2017.08.11"]
[Round "7.15"]
[White "Terwee, Michiel"]
[Black "Hungeling, David"]
[Result "1/2-1/2"]
[WhiteElo "1626"]
[BlackElo "1438"]
[PlyCount "79"]
[EventDate "2017.08.??"]

1. d4 e6 2. c4 d5 3. e3 Bb4+ 4. Bd2 Bxd2+ 5. Qxd2 Nf6 6. Nc3 O-O 7. Nf3 Re8 8.
Bd3 Nc6 9. cxd5 exd5 10. a3 Bg4 11. Be2 a6 12. h3 Bf5 13. O-O Ne4 14. Qc2 Ng3
15. Bd3 Bxd3 16. Qxd3 Nxf1 17. Kxf1 Qd7 18. Ng5 g6 19. h4 Nd8 20. h5 Qg4 21.
Nxd5 Qxg5 22. Nxc7 Qxh5 23. Kg1 Ne6 24. Nxa8 Rxa8 25. Qe4 Qb5 26. d5 Nc5 27.
Qc2 Rc8 28. b4 Qd3 29. Rc1 Qxd5 30. bxc5 Rc6 31. Qb2 Rxc5 32. Rxc5 Qxc5 33.
Qxb7 Qxa3 34. Qd5 Qa1+ 35. Kh2 a5 36. e4 a4 37. e5 a3 38. Qd8+ Kg7 39. Qf6+ Kg8
40. Qd8+ 1/2-1/2

[Event "ONJK 2017 C"]
[Site "Borne, Netherlands"]
[Date "2017.08.11"]
[Round "7.16"]
[White "Hubers, Daan"]
[Black "Rodrigues Pereira, Kuba"]
[Result "0-1"]
[WhiteElo "1387"]
[BlackElo "1600"]
[PlyCount "92"]
[EventDate "2017.08.??"]

1. b4 d5 2. Bb2 Nf6 3. e3 Bg4 4. Be2 Bxe2 5. Nxe2 e6 6. a3 Nbd7 7. d3 Bd6 8. h3
c6 9. Nd2 O-O 10. O-O Rc8 11. c4 Re8 12. f4 e5 13. f5 a5 14. c5 Bc7 15. e4 b6
16. Rc1 bxc5 17. bxc5 Qe7 18. Qc2 Rb8 19. Kh1 Rb5 20. exd5 Rxc5 21. Qa4 Nb6 22.
Qb3 Nbxd5 23. Ne4 Rb5 24. Qa2 Reb8 25. Ba1 R8b6 26. N2c3 Nxe4 27. dxe4 Nxc3 28.
Bxc3 Bd6 29. a4 Rb3 30. Bxa5 Rb2 31. Qa1 Qg5 32. Rg1 R6b3 33. Rxc6 Qh6 34. Bc3
Re2 35. Re1 Rc2 36. Rd1 Qg5 37. Rg1 Bf8 38. Rc8 Qg3 39. Bxe5 Qxh3+ 40. Bh2 Qd3
41. Qe5 Rxc8 42. a5 Rb1 43. f6 Rxg1+ 44. Bxg1 Qd2 45. fxg7 Qh6+ 46. Bh2 Rc1#
0-1

[Event "ONJK 2017 C"]
[Site "Borne, Netherlands"]
[Date "2017.08.11"]
[Round "7.17"]
[White "Bleeker, Kasper"]
[Black "Arnold, Kiri"]
[Result "1-0"]
[WhiteElo "1627"]
[BlackElo "1354"]
[PlyCount "75"]
[EventDate "2017.08.??"]

1. e4 d6 2. d4 Nf6 3. Nc3 Nbd7 4. Bc4 e5 5. Nf3 h6 6. O-O Be7 7. Re1 c6 8. Be3
O-O 9. Qd2 Qc7 10. Rad1 b5 11. Bb3 a5 12. a4 b4 13. Ne2 Nxe4 14. Qc1 Bf6 15.
Ng3 Nxg3 16. fxg3 e4 17. Nh4 Bxh4 18. gxh4 d5 19. Bf4 Qd8 20. Bd6 Re8 21. c4
bxc3 22. Qxc3 Nb6 23. Be5 Bd7 24. Qg3 f6 25. Bc7 Qc8 26. Bxb6 Qa6 27. Bc7 Be6
28. Bf4 Kh8 29. Re3 Re7 30. Rf1 Rc8 31. Bxh6 gxh6 32. Qg6 Rg8 33. Qxf6+ Reg7
34. Qxh6+ Rh7 35. Qxe6 Rhg7 36. Qh6+ Rh7 37. Qf6+ Rhg7 38. Rf5 1-0

[Event "ONJK 2017 C"]
[Site "Borne, Netherlands"]
[Date "2017.08.11"]
[Round "7.18"]
[White "Mainka, Irmin"]
[Black "Adema, Marrit"]
[Result "0-1"]
[WhiteElo "1320"]
[BlackElo "1541"]
[PlyCount "74"]
[EventDate "2017.08.??"]

1. e4 c5 2. Nf3 d6 3. Nc3 g6 4. Bc4 Nc6 5. d3 Bg7 6. O-O Nf6 7. Bg5 O-O 8. h3
Bd7 9. Qd2 Na5 10. Bb3 b5 11. Bd5 Rb8 12. Bh6 b4 13. Ne2 Nc6 14. Bxg7 Kxg7 15.
Ng3 a5 16. Bxc6 Bxc6 17. Qg5 Kh8 18. Qh6 Rg8 19. Qe3 a4 20. Ng5 Rg7 21. b3 axb3
22. axb3 Ra8 23. f4 Ra5 24. Rxa5 Qxa5 25. Qc1 Qa7 26. Kh2 Nh5 27. Qb2 f6 28.
Ne6 Rg8 29. Nxh5 gxh5 30. Ra1 Qd7 31. f5 d5 32. e5 d4 33. Rg1 Qd5 34. g4 Qxe5+
35. Rg3 Qe2+ 36. Kg1 Qe1+ 37. Kh2 Qf2+ 0-1

[Event "ONJK 2017 C"]
[Site "Borne, Netherlands"]
[Date "2017.08.11"]
[Round "7.19"]
[White "Decruyenaere, Laura"]
[Black "Kaersenhout, Diego"]
[Result "0-1"]
[WhiteElo "1318"]
[BlackElo "1535"]
[PlyCount "64"]
[EventDate "2017.08.??"]

1. e4 e5 2. Nf3 Nc6 3. d4 exd4 4. Nxd4 Bc5 5. Be3 Qf6 6. c3 Nge7 7. Bc4 O-O 8.
O-O Ne5 9. Be2 Qg6 10. Nd2 d6 11. Bh5 Qf6 12. f4 N5c6 13. Nc4 g6 14. Be2 Qg7
15. f5 gxf5 16. exf5 Bxd4 17. Bxd4 Nxd4 18. f6 Nxe2+ 19. Qxe2 Qg5 20. fxe7 Re8
21. Rae1 Be6 22. Rf3 Qxe7 23. Rg3+ Kh8 24. Qe4 d5 25. Qd4+ f6 26. Rf1 c5 27.
Qh4 dxc4 28. Rxf6 Qd7 29. Qg5 Bg8 30. Rd6 Qe7 31. Re6 Qxg5 32. Rxg5 Rxe6 0-1

[Event "ONJK 2017 C"]
[Site "Borne, Netherlands"]
[Date "2017.08.11"]
[Round "7.20"]
[White "Van Borren, Matthijs"]
[Black "Rogge, Parcival"]
[Result "0-1"]
[WhiteElo "1313"]
[BlackElo "1508"]
[PlyCount "48"]
[EventDate "2017.08.??"]

1. e4 c5 2. Nf3 d6 3. d4 cxd4 4. Nxd4 Nf6 5. Nc3 a6 6. Bc4 e6 7. Bg5 Be7 8. f3
b5 9. Bd3 Bb7 10. Qd2 Nbd7 11. g4 O-O 12. h4 Nc5 13. Bxf6 Bxf6 14. Nde2 b4 15.
Nd1 Qb6 16. h5 d5 17. g5 Bd8 18. Nf2 dxe4 19. Nxe4 Nxe4 20. fxe4 Qc5 21. Rf1
Ba5 22. b3 Rad8 23. e5 Qxe5 24. O-O-O Qa1# 0-1

[Event "ONJK 2017 C"]
[Site "Borne, Netherlands"]
[Date "2017.08.11"]
[Round "7.27"]
[White "Molanus, Lennart"]
[Black "Visser, Barto"]
[Result "1/2-1/2"]
[WhiteElo "1627"]
[BlackElo "1019"]
[PlyCount "58"]
[EventDate "2017.08.??"]

1. c4 e5 2. Nc3 Nf6 3. Nf3 Nc6 4. a3 Bc5 5. g3 b6 6. Bg2 Bb7 7. b4 Bd4 8. Nxd4
exd4 9. Nb5 Ba6 10. Bb2 O-O 11. d3 d5 12. Nxd4 Nxd4 13. Bxd4 dxc4 14. Bxa8 Qxa8
15. O-O cxd3 16. exd3 Rd8 17. Bxf6 Rxd3 18. Qg4 g6 19. Rfc1 Bc8 20. Qe2 Bh3 21.
f4 Re3 22. Qc2 Re6 23. Be5 Qf3 24. Ra2 $4 Qe3+ 25. Kh1 Qf3+ 26. Kg1 Qe3+ 27.
Kh1 Qf3+ 28. Kg1 Qe3+ 29. Kh1 Qf3+ 1/2-1/2

[Event "ONJK 2017 C"]
[Site "Borne, Netherlands"]
[Date "2017.08.11"]
[Round "7.30"]
[White "Maes, Djad"]
[Black "Maas, Tristan"]
[Result "1-0"]
[WhiteElo "1258"]
[BlackElo "1098"]
[PlyCount "55"]
[EventDate "2017.08.??"]

1. b4 e5 2. Bb2 Nc6 3. b5 Nd4 4. e3 Nxb5 5. Bxe5 d6 6. Bb2 c6 7. c4 Nc7 8. Nf3
Nf6 9. d4 Be7 10. Bd3 O-O 11. Qc2 b6 12. h4 Bb7 13. Nbd2 Na6 14. a3 Qc7 15.
O-O-O h6 16. Rdg1 Rac8 17. g4 Rfd8 18. g5 hxg5 19. hxg5 Kf8 20. gxf6 (20. Rh8+
Ng8 21. Bh7 Ke8 22. Qe4 Nc5 23. dxc5 Qb8 24. Rxg8+ Kd7 25. Bf5+ Kc7 26. Qxe7+
Rd7 27. Qxd7#) 20... Bxf6 21. Ne4 Ke7 22. Nxf6 gxf6 23. Bf5 c5 24. d5 Re8 25.
Rh6 Rg8 26. Bxf6+ Kf8 27. Rxg8+ Kxg8 28. Rh8# 1-0

[Event "ONJK 2017 C"]
[Site "Borne, Netherlands"]
[Date "2017.08.11"]
[Round "7.31"]
[White "Sannen, Stijn"]
[Black "Eijkelkamp, Hugo"]
[Result "1-0"]
[WhiteElo "1188"]
[BlackElo "707"]
[PlyCount "39"]
[EventDate "2017.08.??"]

1. d4 d5 2. c4 dxc4 3. Nc3 Nf6 4. e4 Nc6 5. Nf3 e6 6. Bxc4 Bb4 7. Bg5 h6 8.
Bxf6 Qxf6 9. Qd3 a6 10. O-O {Diagram #} e5 11. Nd5 Qd6 12. a3 Ba5 13. Rfd1 exd4
14. Nxd4 Nxd4 15. Qxd4 Bd7 16. Qxg7 Qf8 17. Nf6+ Kd8 18. Qxf8+ Rxf8 19. Nxd7
Rh8 20. Nb6+ 1-0

[Event "ONJK 2017 C"]
[Site "Borne, Netherlands"]
[Date "2017.08.11"]
[Round "8.1"]
[White "Honkoop, Gilian"]
[Black "Muntean, Victor"]
[Result "0-1"]
[WhiteElo "1916"]
[BlackElo "1784"]
[PlyCount "38"]
[EventDate "2017.08.??"]

1. d4 Nf6 2. Bf4 g6 3. Nc3 Bg7 4. e4 d6 5. Qd2 O-O 6. O-O-O Nbd7 7. e5 Ne8 8.
Nf3 Nb6 9. h4 h5 10. Bh6 Bg4 11. Bxg7 Nxg7 12. Be2 Bxf3 13. Bxf3 dxe5 14. Bxb7
Rb8 15. Bf3 Nc4 16. Qe2 Nxb2 17. Rd2 Qd6 18. dxe5 Qa3 19. Nb1 Nd3+ 0-1

[Event "ONJK 2017 C"]
[Site "Borne, Netherlands"]
[Date "2017.08.11"]
[Round "8.2"]
[White "De Putter, Nina"]
[Black "Grutter, Tim"]
[Result "0-1"]
[WhiteElo "1469"]
[BlackElo "1891"]
[PlyCount "72"]
[EventDate "2017.08.??"]

1. e4 d6 2. d4 Nf6 3. Nc3 g6 4. f4 Bg7 5. Nf3 O-O 6. e5 dxe5 7. fxe5 Nfd7 8.
Bc4 c5 9. dxc5 Nxe5 10. Nxe5 Bxe5 11. Qf3 Qd4 12. Bb3 Nc6 13. Be3 Qh4+ 14. Bf2
Qf6 15. Qxf6 Bxf6 16. Nd1 Bf5 17. c3 Ne5 18. O-O Nd3 19. Bd4 e5 20. Be3 h5 21.
Bc2 e4 22. a4 Rac8 23. b4 Bg7 24. a5 Nxb4 25. Ba4 Nd5 26. Bd4 Rfd8 27. Bxg7
Kxg7 28. Ra2 Rxc5 29. Bb3 Ne7 30. c4 Nc6 31. a6 Nb4 32. Ra1 bxa6 33. Ne3 Rd3
34. Nxf5+ Rxf5 35. Rxf5 gxf5 36. Ba4 Rc3 0-1

[Event "ONJK 2017 C"]
[Site "Borne, Netherlands"]
[Date "2017.08.11"]
[Round "8.3"]
[White "Elgersma, Onno"]
[Black "Albertus, Bram"]
[Result "1/2-1/2"]
[WhiteElo "2030"]
[BlackElo "1616"]
[PlyCount "178"]
[EventDate "2017.08.??"]

1. e4 c5 2. Nf3 d6 3. d4 cxd4 4. Nxd4 Nf6 5. Nc3 a6 6. h4 e6 7. g4 Be7 8. g5
Nfd7 9. Be3 Nc6 10. Qd2 Qc7 11. O-O-O Na7 12. h5 b5 13. a3 Bb7 14. Bg2 Ne5 15.
g6 hxg6 16. hxg6 Nxg6 17. Rxh8+ Nxh8 18. f4 O-O-O 19. Nxe6 fxe6 20. Bxa7 Bxe4
21. Nxe4 d5 22. Qe3 dxe4 23. Rxd8+ Bxd8 24. Bd4 Ng6 25. Bxe4 Qf7 26. Bxg6 Qxg6
27. Be5 Qg2 28. b3 Bc7 29. Qc5 Qb7 30. Kb2 g6 31. Qf8+ Bd8 32. Qc5+ Bc7 33. Ka2
Qb6 34. Qf8+ Bd8 35. Qf7 g5 36. fxg5 Bxg5 37. Qe8+ Bd8 38. Kb2 a5 39. Ka2 b4
40. a4 Kb7 41. Qd7+ Bc7 42. Kb2 Qc6 43. Qf7 Qc5 {Diagram #} 44. Bxc7 Qxc7 45.
Qxe6 Qg7+ 46. Ka2 Qc3 47. Qc4 Qe5 48. Qd3 Kb6 49. Kb1 Qe1+ 50. Kb2 Qe5+ 51. Ka2
Qc5 52. Qg6+ Kb7 53. Kb1 Ka7 54. Kc1 Qe3+ 55. Kb1 Qc5 56. Qf7+ Kb6 57. Qe6+ Kb7
58. Qf6 Qg1+ 59. Kb2 Qc5 60. Kc1 Qg1+ 61. Kd2 Qg2+ 62. Kd3 Qd5+ 63. Qd4 Qf3+
64. Kc4 Qe2+ 65. Qd3 Qg4+ 66. Kc5 Qc8+ 67. Kd6 Qd8+ 68. Ke6 Qe8+ 69. Kf5 Qf7+
70. Kg5 Qg7+ 71. Kf4 Qh6+ 72. Ke4 Qg6+ 73. Kd4 Qd6+ 74. Ke3 Qg3+ 75. Ke2 Qg2+
76. Kd1 Qg1+ 77. Kd2 Qf2+ 78. Kc1 Qe1+ 79. Kb2 Qe5+ 80. c3 Qh2+ 81. Qc2 bxc3+
82. Kxc3 Qe5+ 83. Kd3 Qd5+ 84. Ke3 Qg5+ 85. Ke2 Qg2+ 86. Kd1 Qf1+ 87. Kd2 Qf2+
88. Kc1 Qe1+ 89. Kb2 Qb4 1/2-1/2

[Event "ONJK 2017 C"]
[Site "Borne, Netherlands"]
[Date "2017.08.11"]
[Round "8.4"]
[White "Roebers, Eline"]
[Black "Tjin a Lien, Jie-Ren"]
[Result "1-0"]
[WhiteElo "1852"]
[BlackElo "1620"]
[PlyCount "49"]
[EventDate "2017.08.??"]

1. e4 c5 2. b4 cxb4 3. a3 d5 4. e5 Nc6 5. d4 e6 6. axb4 Bxb4+ 7. c3 Ba5 8. Qg4
Nge7 9. Bd3 Qc7 10. Ne2 Bd7 11. O-O f6 12. Qxg7 Rg8 13. Qxf6 O-O-O 14. Ba3 Rde8
15. Nd2 Bb6 16. Nb3 Nf5 17. Bxf5 exf5 18. Nf4 Qb8 19. Bd6 Bc7 20. Bxc7 Qxc7 21.
Nxd5 Qd8 22. Nc5 Rg6 23. Qxd8+ Rxd8 24. Nf6 Be8 25. Ne6 {Diagram #} 1-0

[Event "ONJK 2017 C"]
[Site "Borne, Netherlands"]
[Date "2017.08.11"]
[Round "8.5"]
[White "Gevorkjan, Lewon"]
[Black "Toval, David"]
[Result "1-0"]
[WhiteElo "1836"]
[BlackElo "1742"]
[PlyCount "41"]
[EventDate "2017.08.??"]

1. e4 c5 2. Nc3 a6 3. Nf3 b5 4. d4 e6 5. d5 exd5 6. Nxd5 Bb7 7. Bf4 d6 8. a4
bxa4 9. Rxa4 Ne7 10. Bc4 Ng6 11. Bg3 Nd7 12. O-O Nde5 13. Nxe5 Nxe5 14. Bxe5
dxe5 15. Qh5 Bd6 16. Rd1 O-O 17. Rd3 Bxd5 18. Bxd5 Rb8 19. b3 Qd7 20. Rxa6 Qe7
21. Rxd6 1-0